«Олимпик Лион» - Армагеддон - Statistics

General Stats
  • This quiz has been taken 7 times
  • The average score is 10 of 50
Answers on the Grid
Answers color-coded by a green-red scale on the quiz's grid according to % correct below.
Брадли Баркола
Фредерик Кануте
Эннер Валенсия
Куаутемок Бланко
Стив Марле
Хатем Бен Арфа
Майкл Эссьен
Фабьен Бартез
Виссам Бен-Йеддер
Милан Барош
Корантен Толиссо
Мейсон Гринвуд
Педру Паулета
Жорж Микаутадзе
Райан Гиггз
Эден Азар
Марк-Вивьен Фоэ
Уго Льорис
Виллиан
Себастьен Скиллачи
Оуэн Харгривз
Фабио Гроссо
Питер Крауч
Яссин Бензья
Поль Погба
Александр Ляказетт
Бафетимби Гомиc
Хуан Мата
Маттия Де Шильо
Фредди Юнгберг
Мойсес Кайседо
Грегори Купе
Джеймс Милнер
Неманья Матич
Мэттью Ле Тиссье
Себастьян Фрей
Джоване Элбер
Иан Райт
Жером Боатенг
Омар Браво
Ким Чельстрём
Деле Алли
Гари Невилл
Дженнаро Гаттузо
Рубен Бараха
Гэри Спид
Абеди Пеле
Венсан Компани
Майкл Оуэн
Жан Тигана
Зико
Энцо Франческоли
Тони Адамс
Викаш Дорасо
Жереми Тулалан
Коке
Фернандо Льоренте
Людовик Жюли
Хавьер Эрнандес
Жан-Ален Бумсонг
Роналдиньо
Малик Фофана
Серхио Рамос
Матьё Вальбуэна
Гарет Бейл
Раймон Доменек
Эдмилсон
Себастьян Джовинко
Деян Ловрен
Эрик Абидаль
Вильям Галлас
Джон Карью
Ферлан Менди
Сильвен Вильтор
Ирвинг Лосано
Бакари Коне
Клод Макелеле
Райан Шерки
Бруно Гимарайнс
Весли Сонк
Николас Ломбертс
Карим Бензема
Флоран Малуда
Маруан Феллайни
Пеги Люйиндюла
Марк Вильмотс
Вилли Саньоль
Лукас Пакета
Паскаль Шимбонда
Танги Ндомбеле
Альваро Арбелоа
Мемфис Депай
Тедди Шерингем
Микаэль Сильвестр
Бертран Траоре
Миралем Пьянич
Йоанн Гуркюфф
Самюэль Умтити
Али Сиссоко
 
Answer Stats
Answer % Correct
Мемфис Депай
80%
Жорж Микаутадзе
60%
Себастьен Скиллачи
60%
Райан Шерки
60%
Корантен Толиссо
40%
Неманья Матич
40%
Жан-Ален Бумсонг
40%
Матьё Вальбуэна
40%
Эрик Абидаль
40%
Ферлан Менди
40%
Карим Бензема
40%
Миралем Пьянич
40%
Али Сиссоко
40%
Брадли Баркола
20%
Майкл Эссьен
20%
Уго Льорис
20%
Александр Ляказетт
20%
Грегори Купе
20%
Жером Боатенг
20%
Жан Тигана
20%
Жереми Тулалан
20%
Людовик Жюли
20%
Малик Фофана
20%
Раймон Доменек
20%
Эдмилсон
20%
Сильвен Вильтор
20%
Бруно Гимарайнс
20%
Пеги Люйиндюла
20%
Танги Ндомбеле
20%
Бертран Траоре
20%
Самюэль Умтити
20%
Фредерик Кануте
0%
Стив Марле
0%
Хатем Бен Арфа
0%
Милан Барош
0%
Марк-Вивьен Фоэ
0%
Фабио Гроссо
0%
Яссин Бензья
0%
Маттия Де Шильо
0%
Джоване Элбер
0%
Ким Чельстрём
0%
Абеди Пеле
0%
Викаш Дорасо
0%
Деян Ловрен
0%
Джон Карью
0%
Бакари Коне
0%
Флоран Малуда
0%
Лукас Пакета
0%
Йоанн Гуркюфф
0%
Бафетимби Гомиc
0%
No matching quizzes found
Score Distribution
Percent of People with Each Score
Percentile by Number Answered
Your Score History
You have not taken this quiz